| 000 | 01275nam a22003617a 4500 | ||
|---|---|---|---|
| 001 | 17831955 | ||
| 003 | LIBRIS | ||
| 005 | 20210426101717.0 | ||
| 008 | 150408s19921990nyua 000 1 eng d | ||
| 020 | _a9780452267855 | ||
| 020 | _a0452267854 | ||
| 035 | _a(OCoLC)ocn861657385 | ||
| 040 |
_aCNSAP _beng _cCNSAP _dOCLCO _dJm |
||
| 041 | _aeng | ||
| 080 |
_a821.111 _bF-85 |
||
| 082 | 0 | 4 |
_a823/.914 _220 |
| 100 | 1 |
_aFraser, George MacDonald, _d1925-2008. _0303255 |
|
| 245 | 1 | 0 |
_aFlashman and the mountain of light : _bfrom the Flashman papers, 1845-46 (#4) / _cedited and arranged by George MacDonald Fraser. |
| 260 |
_aNew York _bPlume Book _c1991, c1990, 1992 |
||
| 300 |
_a365 p. : _bill. ; _c21 cm. |
||
| 365 | _b15 usd | ||
| 600 | 1 | 0 |
_aFlashman, Harry Paget (Fictitious character) _vFiction. |
| 650 | 0 |
_aBritish _zIndia _vFiction. |
|
| 650 | 0 |
_aEnglish literature _9254 |
|
| 650 | 0 |
_aSoldiers _vFiction. |
|
| 651 | 0 |
_aPunjab (India) _vFiction. |
|
| 653 | _aინგლისური ლიტერატურა | ||
| 830 | 0 | _aFlashman papers series. | |
| 900 | 1 | s |
_6100 _d1925-2008 _uFraser, George MacDonald, _d1925-2008 |
| 942 |
_2udc _cBK |
||
| 999 |
_c898 _d898 |
||